Wave propagation in a random medium

Kaydedildi:
Detaylı Bibliyografya
Yazar: Chernov, Lev A.
Diğer Yazarlar: Silverman, Richard A. (traductor)
Materyal Türü: Bilinmiyor
Dil:İngilizce
Baskı/Yayın Bilgisi: Mineola, New York, USA. Dover Publications, 2017
Konular:
Etiketler: Etiketle
Etiket eklenmemiş, İlk siz ekleyin!

MARC

LEADER 00000 a2200000 4500
003 CL-VaPUC
005 20210924124655.0
008 210920b2017 ||||| |||| 00| 0 eng d
999 |c 433553  |d 433551 
020 |a 9780486812236 
040 |c Pontificia Universidad Católica de Valparaíso 
082 |a 531.1133 CHE 2017 
100 1 |a Chernov, Lev A.   |9 863050 
245 1 |a Wave propagation in a random medium 
260 |a Mineola, New York, USA.  |b Dover Publications,  |c 2017 
300 |a 168 páginas  
583 |k Cristina Rojas  |c 20210920 
650 0 |a Ondas  |9 260165 
700 |a Silverman, Richard A.   |e traductor  |9 863051 
942 |2 ddc  |c BK 
952 |0 0  |1 0  |2 ddc  |4 0  |6 531_113300000000000_CHE_2017  |7 0  |8 A  |9 578857  |a BIBCUR  |b BIBCUR  |d 2021-09-20  |e 1  |g 21702.00  |i 5588707  |l 1  |o 531.1133 CHE 2017  |p 5588707  |r 2025-04-22  |s 2021-11-10  |t 1  |v 21702.00  |w 2021-09-20  |y BK  |k FIS 
952 |0 0  |1 0  |2 ddc  |4 0  |6 531_113300000000000_CHE_2017  |7 0  |8 A  |9 578876  |a BIBCUR  |b BIBCUR  |d 2021-09-23  |e 1  |g 21702.00  |i 5588898  |l 1  |o 531.1133 CHE 2017  |p 5588898  |r 2025-04-22  |s 2023-04-18  |t 2  |v 21702.00  |w 2021-09-23  |y BK  |k FIS